|
|
|
|
| LEADER |
01431nam a2200277 a 4500 |
| 001 |
12455561 |
| 008 |
090708r20062002maua b 001 0 eng d |
| 010 |
|
|
|a 2001093182
|
| 020 |
|
|
|a 0618140166 (pbk. : acid-free)
|
| 040 |
|
|
|a DLC
|c DLC
|d DLC
|
| 082 |
0 |
0 |
|a 808/.0666
|2 22
|
| 100 |
1 |
|
|a Riordan, Daniel G.
|
| 245 |
1 |
0 |
|a Technical report writing today /
|c Daniel G. Riordan, Steven E. Pauley.
|
| 250 |
|
|
|a 8th ed.
|
| 260 |
|
|
|a Boston ;
|a India :
|b Houghton Mifflin Company;
|b biztantra,
|c c2002.[reprinted 2006]
|
| 300 |
|
|
|a xxvi, 598 p. :
|b ill. ;
|c 24 cm.
|
| 504 |
|
|
|a Includes bibliographical references and index.
|
| 541 |
1 |
|
|e 00015517
|
| 650 |
|
0 |
|a Technical writing.
|
| 700 |
1 |
|
|a Pauley, Steven E.
|
| 852 |
4 |
|
|a Ayesha Abed Library
|j General Shelf.
|
| 999 |
|
|
|c 2184
|d 2184
|
| 952 |
|
|
|0 0
|1 0
|2 ddc
|4 0
|6 808_066600000000000_RIO
|7 0
|9 2012
|a BRACUL
|b BRACUL
|c GEN
|d 2009-07-08
|g 435.00
|l 0
|o 808.0666 RIO
|p 3010015517
|r 2009-07-08
|t 1
|w 2009-07-08
|y BK
|
| 952 |
|
|
|0 0
|1 0
|2 ddc
|4 0
|6 808_066600000000000_RIO
|7 0
|9 18112
|a BRACUL
|b BRACUL
|c GEN
|d 2011-09-19
|l 1
|m 34
|o 808.0666 RIO
|p 3010015516
|r 2022-02-17
|s 2020-01-12
|t 2
|w 2011-09-19
|y BK
|
| 952 |
|
|
|0 0
|1 0
|2 ddc
|4 0
|6 808_066600000000000_RIO
|7 0
|9 18113
|a BRACUL
|b BRACUL
|c GEN
|d 2011-09-19
|l 0
|o 808.0666 RIO
|p 3010015514
|r 2011-09-19
|t 3
|w 2011-09-19
|y BK
|
| 952 |
|
|
|0 0
|1 0
|2 ddc
|4 0
|6 808_066600000000000_RIO
|7 0
|9 18114
|a BRACUL
|b BRACUL
|c GEN
|d 2011-09-19
|l 1
|m 16
|o 808.0666 RIO
|p 3010015515
|r 2020-01-11
|s 2019-09-17
|t 4
|w 2011-09-19
|y BK
|